La formacion profesional en Colombia y su influjo en la productividad (Registro nro. 18429)
[ vista simple ]
| 001 - NÚMERO DE CONTROL | |
|---|---|
| campo de control | 75692 |
| 005 - FECHA Y HORA DE LA ÚLTIMA TRANSACCIÓN | |
| campo de control | 20260428111520.0 |
| 008 - DATOS DE LONGITUD FIJA--INFORMACIÓN GENERAL | |
| campo de control de longitud fija | 960313s1966 spa |
| 035 ## - NÚMERO DE CONTROL DEL SISTEMA | |
| Número de control de sistema | 75692 |
| 035 ## - NÚMERO DE CONTROL DEL SISTEMA | |
| Número de control de sistema | (OCoLC)778209453 |
| 041 ## - CÓDIGO DE LENGUA | |
| Código de lengua del texto/banda sonora o título independiente | spa |
| 082 #4 - NÚMERO DE LA CLASIFICACIÓN DECIMAL DEWEY | |
| Número de clasificación | 331 |
| 100 10 - ENTRADA PRINCIPAL--NOMBRE DE PERSONA | |
| Nombre de persona | Quiros Arango, Jesus Maria |
| Código de función | aut |
| Término indicativo de función/relación | Autor/a |
| 9 (RLIN) | 481475 |
| 245 10 - MENCIÓN DE TÍTULO | |
| Título | La formacion profesional en Colombia y su influjo en la productividad |
| 260 ## - PUBLICACIÓN, DISTRIBUCIÓN, ETC. | |
| Lugar de publicación, distribución, etc. | Medellín : |
| Nombre del editor, distribuidor, etc. | [sin publicador], |
| Fecha de publicación, distribución, etc. | 1966. |
| 300 ## - DESCRIPCIÓN FÍSICA | |
| Extensión | 262 hojas |
| 650 #7 - PUNTO DE ACCESO ADICIONAL DE MATERIA--TÉRMINO DE MATERIA | |
| Término de materia o nombre geográfico como elemento de entrada | Formación profesional |
| Subdivisión geográfica | Colombia |
| Fuente del encabezamiento o término | lemb |
| 9 (RLIN) | 2862 |
| 650 ## - PUNTO DE ACCESO ADICIONAL DE MATERIA--TÉRMINO DE MATERIA | |
| Término de materia o nombre geográfico como elemento de entrada | Trabajadores calificados |
| 9 (RLIN) | 10890 |
| 650 ## - PUNTO DE ACCESO ADICIONAL DE MATERIA--TÉRMINO DE MATERIA | |
| Término de materia o nombre geográfico como elemento de entrada | SENA (Servicio Nacional de Aprendizaje) |
| 9 (RLIN) | 2937 |
| 942 ## - ELEMENTOS DE ENTRADA AGREGADA (KOHA) | |
| Tipo de ítem Koha | Libros |
| Estado de retiro | Estado de pérdida | Estado dañado | No para préstamo | Código de colección | Localización permanente | Ubicación/localización actual | Fecha de adquisición | Número de inventario | Total de préstamos | Signatura topográfica completa | Código de barras | Fecha visto por última vez | Número de copia | Precio válido a partir de | Tipo de ítem Koha |
|---|---|---|---|---|---|---|---|---|---|---|---|---|---|---|---|
| Colección de Tesis. Piso 2 | Biblioteca Carlos Gaviria Díaz, Campus Medellín | Biblioteca Carlos Gaviria Díaz, Campus Medellín | 24/04/1998 | C120604 | 331.794 Q8f | 61000002799431 | 20/04/2023 | 1 | 20/04/2023 | Libros |